Barnelitterært forskningstidsskrift Nordic journal of childLit aesthetics.

An open access, online-only journal aiming to be a scholarly forum for aesthetics of children's literature, analogue and digital media, verbal and visual expressions of art, and views on art and children. The journal aims to develop cross-disciplinary discussions on children's literature with regard...

Full description

Bibliographic Details
Format: Electronic Journal
Language:English
Norwegian
Swedish
Published: [Sweden] : Co-Action Publishing
[Abingdon] : Routledge, Taylor & Francis
[Oslo, Norway] : Universitetsforlaget AS
Subjects:
Online Access:Full text available from Research Library: 01/01/2011 to present

MARC

LEADER 00000nas a2200000 a 4500
001 ssj0000651453
003 WaSeSS
005 20200512172242.0
006 m d
007 cr n
008 110811c20109999no uu p s 0 b0eng c
010 |a  2012256063 
016 7 |a 018911000  |2 Uk 
022 |a 2000-7493  |l 2000-7493 
035 |a (WaSeSS)ssj0000651453 
040 |a CS1  |b eng  |e pn  |c CS1  |d RBN  |d OCLCQ  |d CUS  |d OCLCF  |d OCLCQ  |d OCLCO  |d CUS  |d OCLCQ  |d AU@  |d UKMGB  |d DLC  |d WaSeSS 
041 1 |a eng  |a nor  |a swe 
042 |a pcc 
050 0 0 |a PN1009.A1 
222 0 |a Barnelitterært forskningstidsskrift 
245 0 0 |a Barnelitterært forskningstidsskrift  |h [electronic resource] =  |b Nordic journal of childLit aesthetics. 
246 1 1 |a Nordic journal of childLit aesthetics 
246 3 |a BLFT 
260 |a [Sweden] :  |b Co-Action Publishing 
260 2 |3 2017-2018 :  |a [Abingdon] :  |b Routledge, Taylor & Francis 
260 3 |3 2019- :  |a [Oslo, Norway] :  |b Universitetsforlaget AS 
362 1 |a Began with vol. 1 (2010). 
506 |a License restrictions may limit access. 
520 |a An open access, online-only journal aiming to be a scholarly forum for aesthetics of children's literature, analogue and digital media, verbal and visual expressions of art, and views on art and children. The journal aims to develop cross-disciplinary discussions on children's literature with regard to media, aesthetics, interaction with other art forms, and its institutional conditions and reception. 
546 |a English, Norwegian, or Swedish. 
588 |a Description based on: Vol. 1, no. 1 (2010); title from PDF cover on journal home page (Taylor & Francis website, viewed Apr. 28, 2020). 
588 |a Latest issue consulted: Arg. 11 (2020) (Universitetsforlaget AS website, viewed Apr. 28, 2020). 
650 0 |a Children's literature  |v Periodicals. 
650 0 |a Children  |x Books and reading  |v Periodicals. 
650 0 |a Art in education  |v Periodicals. 
650 7 |a Art in education.  |2 fast  |0 (OCoLC)fst00815562 
650 7 |a Children  |x Books and reading.  |2 fast  |0 (OCoLC)fst00854849 
650 7 |a Children's literature.  |2 fast  |0 (OCoLC)fst01759351 
655 0 |a Electronic journals. 
850 |a DLC 
856 4 0 |z Full text available from Research Library: 01/01/2011 to present  |u https://search.proquest.com/publication/3933226